Arctic Monkeys Lyrics - Fireside - Statistics

General Stats
  • This quiz has been taken 354 times
  • The average score is 203 of 261
Answer Stats
Lyrics % Correct
I
99%
you
98%
When
97%
and
95%
And
95%
fireside?
95%
the
95%
but
93%
But
93%
it
93%
your
93%
can't
91%
go
91%
I'm
91%
is
91%
wanna
90%
In
89%
in
89%
of
89%
this
89%
to
89%
try
89%
explain
88%
there
88%
you're
88%
back
87%
that
87%
around?
85%
coming
85%
for
85%
good,
85%
It's
85%
it's
85%
mind
85%
not
85%
or
85%
Or
85%
There's
85%
there's
85%
what
85%
show
84%
so
84%
up
84%
found
83%
gone
83%
Has
83%
if
83%
make
83%
my
83%
time
83%
night
82%
sure
82%
morning
81%
image
80%
I've
80%
goes
79%
hotel
79%
now
79%
should
79%
we
79%
by
78%
fuse
78%
know
78%
hard
77%
losing
77%
place
77%
strange
77%
kind
76%
was
76%
about
74%
already
74%
heart
74%
keep
74%
long
74%
suite
74%
something
73%
changed
72%
Isn't
72%
all
71%
Like
71%
like
71%
used
71%
lived
70%
same
70%
secrets
70%
these
70%
forever
69%
looks
68%
memory
68%
mistaken
68%
yours
68%
dancing
67%
suspect
67%
lane
66%
still
66%
thought
66%
places
65%
maybe
63%
day
61%
just
60%
lately
59%
through
59%
those
58%
without
58%
thinking
57%
cannot
51%
manage
49%
(shoo
37%
shoo
37%
(Shoo
37%
down
32%
-wop,
31%
-wop)
31%
No matching quizzes found
Score Distribution
Percent of People with Each Score
Percentile by Number Answered
Your Score History
You have not taken this quiz